| 000 | 00770nam a2200313Ia 4500 | ||
|---|---|---|---|
| 001 | 6862 | ||
| 005 | 20240113233944.0 | ||
| 007 | ta | ||
| 008 | 050701s1988 a g b000 u eng u | ||
| 040 | _aCotton College,Assam | ||
| 041 | _aeng | ||
| 082 |
_a339 _bVa 19 Mo |
||
| 100 | _aVaish, M.C. . | ||
| 245 | 0 |
_aMonetary Theory / _cM.C. Vaish. _hTextual Documents |
|
| 250 | _a12th ed. / | ||
| 260 |
_aAgra : _bRatna Prakashan mandir , _c1988. |
||
| 300 |
_aviii, 717p. : _bill. ; _c24cm . |
||
| 653 | _aEconomics | ||
| 653 | _aMonetary Theory | ||
| 653 | _aMoney | ||
| 653 | _aPG-Economics | ||
| 653 | _aMS-Economics | ||
| 942 |
_2ddc _cBK |
||
| 999 |
_c6849 _d6849 |
||